000 00880cab a2200265 4500
001 ABS60239
008 090401t1999 xxu||||| |||| 00| 0 eng d
035 _a(Sirsi) u99716
041 _aeng
100 _aTutcher, S.
245 _aWill higher rates hit the office sector?
260 _c1999
350 _a0
490 _aProperty Week
_v64(8) 26 February 1999, 38(1)
520 _aConsiders the potential impact of the rating revaluation 2000 on the office market. Many areas appear set to see a growth in rateable value, with consequent increases in liability.
650 _aFORECASTS
650 _aINCREASES
650 _aOFFICE LOCATIONS
650 _aPROPERTY-COMMERCIAL PROPERTY-OFFICE PROPERTY-OFFICE PROPERTY MARKET
650 _aRATING REVALUATION 2000
650 _aSOUTH-EAST
690 _aRATING AND VALUATION
942 _n0
948 _c03/03/1999
999 _c59954
_d59954